| 000 -LEADER |
| fixed length control field |
00503nam a22001337a 4500 |
| 082 ## - DEWEY DECIMAL CLASSIFICATION NUMBER |
| Classification number |
APPPA 2018-19\MAN |
| 100 ## - MAIN ENTRY--PERSONAL NAME |
| Personal name |
Manoj, P.C . |
| 9 (RLIN) |
5449 |
| 245 ## - TITLE STATEMENT |
| Title |
Conflict of Sino-Japanese interests : |
| Remainder of title |
Implications of the Asia Africa frowth corridor for India |
| Statement of responsibility, etc |
by P.C. Manoj |
| 260 ## - PUBLICATION, DISTRIBUTION, ETC. (IMPRINT) |
| Place of publication, distribution, etc |
New Delhi |
| Name of publisher, distributor, etc |
Indian Institute of Public Administration |
| Date of publication, distribution, etc |
2019 |
| 300 ## - PHYSICAL DESCRIPTION |
| Extent |
135p. |
| 500 ## - GENERAL NOTE |
| General note |
APPPA Dissertation , 2018-19 (Guide : Dr. Manan Dwivedi) |
| 650 ## - SUBJECT ADDED ENTRY--TOPICAL TERM |
| Topical term or geographic name as entry element |
International relations |
| 9 (RLIN) |
6330 |
| 650 ## - SUBJECT ADDED ENTRY--TOPICAL TERM |
| Topical term or geographic name as entry element |
Diplomacy |
| 9 (RLIN) |
6331 |